LIBRARY & INFORMATION CENTRE, KCAET, TAVANUR

ONLINE PUBLIC ACCESS CATALOGUE (OPAC)

Avoidance of cruelty to work animals:Management of human slaughten and D A P use / (Record no. 3717)

MARC details
000 -LEADER
fixed length control field 00455cam a2200157ua 4500
041 ## - LANGUAGE CODE
Language code of text/sound track or separate title eng
082 ## - DEWEY DECIMAL CLASSIFICATION NUMBER
Classification number 636
Item number RAM/AV
100 ## - MAIN ENTRY--AUTHOR NAME
Personal name Ramaswamy, N S .
245 ## - TITLE STATEMENT
Title Avoidance of cruelty to work animals:Management of human slaughten and D A P use /
260 ## - PUBLICATION, DISTRIBUTION, ETC. (IMPRINT)
Place of publication :
Name of publisher Indian institute of management ,
Year of publication 1985.
300 ## - PHYSICAL DESCRIPTION
Number of Pages 98 ; .
700 1# - ADDED ENTRY--PERSONAL NAME
Personal name Narasimhan, C L .
942 ## - ADDED ENTRY ELEMENTS (KOHA)
Koha item type Books
Holdings
Withdrawn status Lost status Damaged status Home library Current library Date acquired Full call number Accession Number Koha item type
      KAUAET KAUAET 22/08/1986 636 15510 Books
free website counter